Statistiques concernant Classements de tennis en France

Cliquez ici pour prendre le quiz!

Statistiques générales

  • Ce quiz a été pris 99 fois
  • Le résultat moyen est 20 sur 29

Statistiques - réponses

SérieClassement% Correct
30-4
94%
30-5
94%
15-1
93%
15-2
93%
15-3
93%
3ème série30
93%
30-3
93%
40
93%
NC et 4ème sérieNC
93%
2ème série15
92%
15-4
92%
15-5
92%
30-2
92%
30-1
90%
1-6
86%
2-6
86%
3-6
86%
4-6
86%
0
84%
5-6
84%
-15
57%
-2-6
55%
-4-6
55%
Top 100 Messieurs
1%
1ère sérieTop 20 Dames
1%
Top 30 Messieurs
1%
Top 40 Dames
1%
Top 60 Dames
1%
Top 60 Messieurs
1%

Distribution des résultats

Percentile par nombre de réponses

% des personnes avec chaque résultat

Votre développement - résultats

Vous n’avez pas pris ce quiz